Normal view
MARC view
- B. B. Mitra, P. K. Mukherjee and Sudhindra Kumar Palit
Entry Personal Name
001 - CONTROL NUMBER
- control field: 5289
003 - CONTROL NUMBER IDENTIFIER
- control field: OSt
005 - DATE AND TIME OF LATEST TRANSACTION
- control field: 20230403024030.0
008 - FIXED-LENGTH DATA ELEMENTS
- fixed length control field: 230403|| aca||aabn | a|a d
040 ## - CATALOGING SOURCE
- Original cataloging agency: OSt
- Transcribing agency: OSt
100 ## - HEADING--PERSONAL NAME
- Personal name: B. B. Mitra, P. K. Mukherjee and Sudhindra Kumar Palit
670 ## - SOURCE DATA FOUND
- Source citation: Work cat.: (OSt)1975: Mitra, B. B. 5287, The Code of Criminal Procedure
